Paroles - J'traîne des pieds - Olivia Ruiz - Statistiques

Statistiques générales
  • Ce quiz a été pris 347 fois
  • Le résultat moyen est 117 sur 160
Statistiques - réponses
Paroles % Correct
le
98%
de
97%
mes
97%
pieds,
97%
pieds
97%
les
96%
Les
96%
mon
94%
des
93%
à
91%
A
91%
Je
91%
tout
91%
pas
90%
ma
89%
et
88%
la
88%
La
88%
l'école
88%
p'tit
88%
coeur
84%
mou
83%
genoux
82%
ces
80%
casseroles
79%
J'traînais
78%
nous
78%
dans
77%
j'traîne
77%
visage,
77%
visage
77%
Ecorché
76%
beaucoup
74%
sur
72%
quartier
71%
Toute
71%
André
70%
miettes
70%
tonton
70%
vieux
70%
guiboles
68%
Papi,
68%
toutes
68%
belotte
67%
J'n'aimais
67%
godasses,
66%
Mamie,
65%
joue
64%
p'tits
64%
traîne
64%
soins,
63%
bousillé
61%
café
61%
écorchés
60%
Ecorchés
60%
toujours
60%
braillaient
59%
abîmées
58%
J'explorais
55%
J'n'aime
53%
du
51%
Du
51%
Envolé
51%
bout
50%
m'pouponner
49%
on
49%
49%
Bousillées
46%
d'chou
46%
terrasse
46%
faire
42%
famille
42%
bordel
41%
cons
41%
tête
41%
temps
40%
Joyeux
39%
pouvait
39%
Balayée
38%
pépées
38%
Envolées
37%
l'guidon
37%
l'été
36%
habitués,
35%
gens
34%
boeuf
32%
d'passage
32%
bourguignon
30%
surtout
29%
fumée
28%
pensionnaires,
26%
Aucun quiz correspondant
Distribution des résultats
% des personnes avec chaque résultat
Percentile par nombre de réponses
Votre historique - résultats
Vous n’avez pas pris ce quiz